| 000 | 03171cam a22004098i 4500 | ||
|---|---|---|---|
| 001 | 22754627 | ||
| 003 | OSt | ||
| 005 | 20241217084357.0 | ||
| 008 | 220817s2023 enka b 001 0 eng | ||
| 010 | _a 2022039258 | ||
| 020 |
_a9781032218946 _q(hardback) |
||
| 020 |
_a9781032218953 _q(paperback) |
||
| 020 |
_z9781003270454 _q(ebook) |
||
| 040 |
_aDLC _beng _erda _cDLC _dDLC |
||
| 042 | _apcc | ||
| 043 | _ae------ | ||
| 050 | 0 | 0 |
_aNA7863.E85 _bB44 2023 |
| 082 | 0 | 0 |
_a728.314094 B44 2023 _223/eng/20221209 |
| 100 | 1 |
_aBeharrell, Andrew, _eauthor. |
|
| 245 | 1 | 4 |
_aThe deck access housing design guide : _ba return to streets in the sky / _cAndrew Beharrell and Rory Olcayto. |
| 264 | 1 |
_aLondon ; _aNew York : _bRoutledge, Taylor & Francis Group, _c2023. |
|
| 300 |
_aviii, 201 pages : _billustrations ; _c29 cm |
||
| 336 |
_atext _btxt _2rdacontent |
||
| 336 |
_astill image _bsti _2rdacontent |
||
| 337 |
_aunmediated _bn _2rdamedia |
||
| 338 |
_avolume _bnc _2rdacarrier |
||
| 504 | _aIncludes bibliographical references and index. | ||
| 505 | 0 | _aForeword / Owen Hatherley -- Introduction / Andrew Beharrell -- History / Rory Olcayto -- Case studies -- Types of deck access -- United Kingdom -- Mainland Europe -- Practical guide. | |
| 520 |
_a"This book is the first practical design guide to deck access housing. It focuses on the contemporary use of deck access housing, sharing practical guidance and providing in-depth case studies, while also presenting historical context about this flexible and evolving housing type. Despite a chequered history that saw it linked with urban decay and social malaise in the 1970s and 80s, deck access housing today, after a 40-year hiatus, is fast becoming the default solution for mid-rise housing in the UK, and London in particular. This is in part down to architects' renewed interest in post-war Modernist typologies, but also due to specific planning standards that favour the qualities - dual-aspect plans, 'public' front doors - of deck access design. This comprehensive, professional guide spotlights the best contemporary deck access housing in the UK and throughout mainland Europe, explaining and analysing exemplars in detail. Illustrated in full colour throughout with plans, elevations, photographs, project data and annotations, case studies include both new build and retrofit projects, in public housing, co-housing and Third Age residential projects. Good architectural practice flows from an informed understanding of cultural and design history coupled with practical guidance and clear analysis of case studies. That is what this book provides for anyone interested in, or involved in the design and delivery of, deck access housing"-- _cProvided by publisher. |
||
| 650 | 0 |
_aDeck access housing _xDesigns and plans. |
|
| 650 | 0 |
_aDeck access housing _zEurope _vCase studies. |
|
| 700 | 1 |
_aOlcayto, Rory, _eauthor. |
|
| 710 | 2 | _aPollard Thomas Edwards Architects. | |
| 906 |
_a7 _bcbc _corignew _d1 _eecip _f20 _gy-gencatlg |
||
| 942 |
_2ddc _cBK-EN _n0 |
||
| 999 |
_c7428 _d7428 |
||